Mal's Towns/Cities mentioned in BEATLES ALBUMS. - Statistics

General Stats
  • This quiz has been taken 419 times
    364 since last reset
  • The average score is 9 of 23
Answer Stats
Hint Answer % Correct
Back in the USSR Moscow
79%
? Hey-Hey Kansas City
67%
John & Yoko " Paris
66%
John & Yoko " London
65%
Blue Jay Way Los Angeles
65%
Back in the USSR Miami
65%
Maggie May Liverpool
62%
Get Back Tucson
62%
A Day in the Life Blackburn
58%
John & Yoko" Amsterdam
48%
? Tennessee Memphis
44%
John & Yoko " Gibraltar
36%
John & Yoko (ballad) Southampton
33%
Johnny B. Goode New Orleans
32%
Honey Pie Hollywood
28%
John & Yoko " Vienna
25%
Sweet Little Sixteen Boston
16%
Ooh! My Arms Manchester
14%
Cry Baby Cry Kirkcaldy
12%
Sweet Little Sixteen Philadelphia
11%
Sweet Little Sixteen Saint Louis
10%
Dear Wak Nottingham
3%
A Little Rhyme Hemel Hempstead
1%
No matching quizzes found
Score Distribution
Percent of People with Each Score
Percentile by Number Answered
Your Score History
You have not taken this quiz since the last reset